| 000 | 00957cam a22003371 4500 | ||
|---|---|---|---|
| 001 | 114747 | ||
| 005 | 20230410115523.0 | ||
| 008 | 700330s1968 enka b 000 0 eng | ||
| 035 | _9(DLC) 76356678 | ||
| 035 | _a348987 | ||
| 010 | _a76356678 | ||
| 015 | _aB68-20550 | ||
| 040 |
_aDLC _cDLC _dDLC |
||
| 041 | _aeng | ||
| 050 | 1 | 4 |
_aHD4901 _b.M478 1968 |
| 082 | 0 | 0 | _a331.1/12/08 |
| 100 | 1 |
_aMcCormick, B. J. _q(Brian Joseph), _ecomp. |
|
| 245 | 1 | 4 |
_aThe labour market: selected readings; _cedited by B. J. McCormick and E. Owen Smith. |
| 260 |
_aHarmondsworth, _bPenguin, _c1968. |
||
| 300 |
_a393 p. _billus. _c19 cm. |
||
| 350 | _a9/- | ||
| 490 | 0 | _aPenguin modern economics readings | |
| 490 | 0 | _aPenguin education X55. | |
| 504 | _aIncludes bibliographies. | ||
| 650 | 4 | _aCRV | |
| 650 | 4 | _aColección René Villarreal | |
| 650 | 0 | _aLabor economics. | |
| 700 | 2 |
_aOwen Smith, E., _ejoint comp. |
|
| 942 |
_2lcc _cbk |
||
| 946 | _almd | ||
| 999 |
_c42846 _d42846 |
||